[Event "DSOL 04 Liga Gr-D 1st"]
[Site "Playchess.com INT"]
[Date "2020.08.13"]
[Round "2.4"]
[White "Petrovic, Julijan"]
[Black "Steinmueller, Johannes"]
[Result "1/2-1/2"]
[WhiteElo "1554"]
[BlackElo "1727"]
[PlyCount "97"]
[EventDate "2020.06.22"]
[EventType "team-tourn (rapid)"]
[EventCountry "GER"]
[SourceTitle "EXT 2021"]
[Source "ChessBase"]
[SourceDate "2020.10.23"]
[SourceVersion "1"]
[SourceVersionDate "2020.10.23"]
[SourceQuality "1"]
[WhiteTeam "Leverkusen Fideler Bauer"]
[BlackTeam "Eutin"]
[WhiteTeamCountry "GER"]
[BlackTeamCountry "GER"]

1. e4 c5 2. Nf3 Nc6 3. d4 cxd4 4. Nxd4 g6 5. Nc3 Bg7 6. Be3 Nf6 7. Be2 0-0 8. Qd2 d5 9. exd5 Nxd5 10. Nxc6 bxc6 11. Nxd5 Qxd5 12. Qxd5 cxd5 13. c3 Rd8 14. 0-0-0 e5 15. f4 Bh6 16. Rhf1 Be6 17. b3 Bg7 18. Kc2 d4 19. Bd2 Bf5+ 20. Kb2 d3 21. Bf3 e4 22. g4 exf3 23. gxf5 gxf5 24. Rxf3 Rd7 25. Rg1 Kh8 26. Rfg3 f6 27. Rf3 Re8 28. Rgg3 Re2 29. Kc1 Rxh2 30. Rxd3 Rxd3 31. Rxd3 h5 32. c4 h4 33. c5 Re2 34. c6 Re6 35. Rc3 Re8 36. c7 Rc8 37. Be1 Bh6 38. Rc4 h3 39. Bg3 Kg7 40. Kd2 Kf7 41. Ke3 Ke7 42. Kd4 Kd7 43. Kd5 Bf8 44. Bh2 Bd6 45. Bg3 Rxc7 46. Rxc7+ Bxc7 47. b4 Bb6 48. Bh2 a6 49. a4 1/2-1/2

[Event "DSOL 04 Liga Gr-D 1st"]
[Site "Playchess.com INT"]
[Date "2020.07.31"]
[Round "6.3"]
[White "Petrovic, Julijan"]
[Black "Litz, Knut"]
[Result "1-0"]
[WhiteElo "1554"]
[BlackElo "1751"]
[PlyCount "109"]
[EventDate "2020.06.22"]
[EventType "team-tourn (rapid)"]
[EventCountry "GER"]
[SourceTitle "EXT 2021"]
[Source "ChessBase"]
[SourceDate "2020.10.23"]
[SourceVersion "1"]
[SourceVersionDate "2020.10.23"]
[SourceQuality "1"]
[WhiteTeam "Leverkusen Fideler Bauer"]
[BlackTeam "Merzhausen Schwarz Weiss"]
[WhiteTeamCountry "GER"]
[BlackTeamCountry "GER"]

1. e4 c5 2. Nf3 e6 3. d4 cxd4 4. Nxd4 Nf6 5. Nc3 Nc6 6. Bg5 Bb4 7. Nxc6 bxc6 8. a3 Bxc3+ 9. bxc3 Qa5 10. Bxf6 gxf6 11. Qd4 e5 12. Qb4 Qc7 13. Be2 a5 14. Qc5 d6 15. Qe3 Be6 16. 0-0 Rb8 17. f4 Qb6 18. Qxb6 Rxb6 19. f5 Bd7 20. Rab1 Rxb1 21. Rxb1 Ke7 22. Rb7 Ra8 23. Bc4 Kd8 24. Bxf7 Kc8 25. Rb1 Kc7 26. Kf2 d5 27. Ke3 Rf8 28. Bh5 Rg8 29. g4 Bc8 30. exd5 cxd5 31. Rb5 Bb7 32. Rxa5 Rd8 33. h4 d4+ 34. cxd4 Rxd4 35. Rb5 Re4+ 36. Kd2 Rd4+ 37. Kc3 Bc6 38. Rc5 Kd6 39. Rc4 Rxc4+ 40. Kxc4 Bf3 41. Kd3 Kc5 42. Ke3 Bd1 43. c3 Kc4 44. Bf7+ Kc5 45. g5 Kd6 46. g6 hxg6 47. fxg6 Bh5 48. Ke4 Ke7 49. a4 Bd1 50. a5 Bc2+ 51. Kd5 Bd1 52. a6 Bf3+ 53. Kc5 f5 54. a7 f4 55. Bd5 1-0

[Event "DSOL 04 Liga Gr-D 1st"]
[Site "Playchess.com INT"]
[Date "2020.07.24"]
[Round "5.3"]
[White "Petrovic, Julijan"]
[Black "Malinowsky, Celina"]
[Result "1-0"]
[WhiteElo "1554"]
[BlackElo "1540"]
[PlyCount "57"]
[EventDate "2020.06.22"]
[EventType "team-tourn (rapid)"]
[EventCountry "GER"]
[SourceTitle "EXT 2021"]
[Source "ChessBase"]
[SourceDate "2020.10.23"]
[SourceVersion "1"]
[SourceVersionDate "2020.10.23"]
[SourceQuality "1"]
[WhiteTeam "Leverkusen Fideler Bauer"]
[BlackTeam "Kiel Doppelbauer"]
[WhiteTeamCountry "GER"]
[BlackTeamCountry "GER"]

1. e4 e5 2. Nf3 Nc6 3. Bc4 Bc5 4. c3 Nf6 5. d3 d6 6. 0-0 Be6 7. Bxe6 fxe6 8. b4 Bb6 9. a4 a6 10. Qb3 Qd7 11. Bg5 0-0 12. Nbd2 Kh8 13. Nc4 Ba7 14. b5 axb5 15. axb5 Ne7 16. Ra2 Ng6 17. Bxf6 Rxf6 18. b6 cxb6 19. Nxb6 Qd8 20. Nxa8 Qxa8 21. Rfa1 Bxf2+ 22. Kxf2 Qg8 23. Ra8 Rf8 24. Qxb7 h6 25. Rxf8 Nxf8 26. Ra8 Kh7 27. Qb8 Qf7 28. Qxf8 Qxf8 29. Rxf8 1-0

[Event "DSOL 04 Liga Gr-D 1st"]
[Site "Playchess.com INT"]
[Date "2020.06.26"]
[Round "1.3"]
[White "Petrovic, Julijan"]
[Black "Schulz, Dennis"]
[Result "1-0"]
[WhiteElo "1554"]
[BlackElo "1655"]
[PlyCount "51"]
[EventDate "2020.06.22"]
[EventType "team-tourn (rapid)"]
[EventCountry "GER"]
[SourceTitle "EXT 2021"]
[Source "ChessBase"]
[SourceDate "2020.10.23"]
[SourceVersion "1"]
[SourceVersionDate "2020.10.23"]
[SourceQuality "1"]
[WhiteTeam "Leverkusen Fideler Bauer"]
[BlackTeam "Eving SV Rochade"]
[WhiteTeamCountry "GER"]
[BlackTeamCountry "GER"]

1. c4 e5 2. Nc3 Nf6 3. g3 d5 4. cxd5 Nxd5 5. Bg2 c6 6. Nxd5 cxd5 7. Qb3 e4 8. Nh3 Nc6 9. Nf4 Nd4 10. Qc3 Nc6 11. 0-0 Be6 12. Nxe6 fxe6 13. d3 exd3 14. e4 Qf6 15. exd5 Qxc3 16. bxc3 exd5 17. Rb1 0-0-0 18. Rd1 Bc5 19. Rxd3 Rhf8 20. Bf4 Bxf2+ 21. Kxf2 g5 22. Bh3+ Rd7 23. Rxd5 gxf4 24. Rxd7 fxg3+ 25. Kxg3 Rg8+ 26. Rg7+ 1-0